header

Battle-wise : (Record no. 165258)

MARC details
000 -LEADER
fixed length control field 02468nam a2200481 i 4500
ISBN 9780160920356 (e-book)
082 04 - DEWEY DECIMAL CLASSIFICATION NUMBER
Classification number 355.3/30410973
100 1# - MAIN ENTRY--AUTHOR NAME
Personal name Gompert, David C.,
245 10 - TITLE STATEMENT
Title Battle-wise :
300 ## - PHYSICAL DESCRIPTION
Number of Pages 1 online resource (193 pages) :
Other physical details illustrations
650 #0 - SUBJECT ADDED ENTRY--TOPICAL TERM
Topical Term Command and control systems
Topical Term Military art and science
Topical Term Computer networks
Topical Term Operational art (Military science)
Topical Term Information warfare
700 1# - ADDED ENTRY--PERSONAL NAME
Personal name Lachow, Irving,
Personal name Perkins, Justin,
Personal name Smith, Raymond C.,
Personal name Wells, Linton,
856 40 - ELECTRONIC LOCATION AND ACCESS
Uniform Resource Identifier http://site.ebrary.com/lib/rucke/Doc?id=10904185
264 #1 -
-- Washington, District of Columbia :
-- Published for the Center for Technology and National Security Policy by National Defense University Press,
-- 2006.
336 ## -
-- text
-- rdacontent
337 ## -
-- computer
-- rdamedia
338 ## -
-- online resource
-- rdacarrier
588 ## -
-- Description based on print version record.

No items available.

© 2026 Rongo University
Contact us: librarian | system librarian | Rongo university